Evolutionary Web development /

Bibliographic Details
Main Author: Scharl, Arno, 1970-
Format: Book
Language:English
Published: New York : Springer, 2000.
Series:Applied computing.
Subjects:

MARC

Tag First Indicator Second Indicator Subfields
LEADER 00000pam a22000004a 4500
001 in00001581621
005 20151022111141.0
008 000713s2000 nyua b 001 0 eng
010 |a  00059472  
015 |a GBA0-W9430 
019 |a 44651958 
020 |a 1852333103 (alk. paper) 
035 |a (OCoLC)ocm44613231 
040 |a DLC  |c DLC  |d UKM  |d C#P  |d TXA  |d UtOrBLW 
042 |a pcc 
049 |a TXAM 
050 0 0 |a TK5105.888  |b .S315 2000 
082 0 0 |a 005.2/76  |2 21 
090 |a TK5105.888  |b .S3154 2000 
100 1 |a Scharl, Arno,  |d 1970- 
245 1 0 |a Evolutionary Web development /  |c Arno Scharl. 
264 1 |a New York :  |b Springer,  |c 2000. 
300 |a xii, 302 pages :  |b illustrations ;  |c 24 cm. 
336 |a text  |b txt  |2 rdacontent 
337 |a unmediated  |b n  |2 rdamedia 
338 |a volume  |b nc  |2 rdacarrier 
490 1 |a Applied computing 
504 |a Includes bibliographical references (pages 251-292) and index. 
650 0 |a Web site development. 
830 0 |a Applied computing. 
948 |a cataloged  |b h  |c 2001/1/8  |d c  |e cmulkey  |f 2:02:46 pm 
994 |a E0  |b TXA 
999 |a MARS 
999 f f |s fa27b256-c5dd-385e-89b2-dd532785bdb3  |i 0d82f05c-be5d-302b-8a88-237652030c65  |t 0 
952 f f |p ric  |a Texas A&M University  |b Rellis Campus  |c Joint Library Facility  |d Remote Storage  |t 0  |e TK5105.888 .S3154 2000  |h Library of Congress classification  |i unmediated -- volume  |m A14827062127 
998 f f |a TK5105.888 .S3154 2000  |t 0  |l Remote Storage